| 000 | 00842 a2200217 4500 | ||
|---|---|---|---|
| 020 | _a0520059972 | ||
| 020 | _a9780520059979 | ||
| 082 | 0 | 4 | _a341.2909989 |
| 090 |
_c2801 _d2801 |
||
| 100 | 1 | _aPeterson, M. J. | |
| 245 | 1 | 0 |
_aManaging the frozen south : _bthe creation and evolution of the antarctic treaty system / _cM. J. Peterson. |
| 250 | _aFirst Edition ed. | ||
| 260 |
_a[S.l.] : _bUniversity of California Press, _c1988. |
||
| 300 | _a283 p. | ||
| 490 | 1 | _aStudies in international political economy, vol 20. | |
| 500 | _aHardcover. | ||
| 830 | 0 | _aStudies in international political economy, vol 20. | |
| 856 | 4 | 0 |
_3Amazon.com _uhttp://www.amazon.com/exec/obidos/ASIN/0520059972/chopaconline-20 |
| 856 | 4 | 0 |
_3Amazon customer reviews _uhttp://www.chopac.org/cgi-bin/tools/azrev.pl?q=0520059972 |
| 942 |
_aNBS _cBK _k341.2909989 PET |
||
| 999 |
_c345291 _d345291 |
||